书目信息 |
| 题名: |
指南针和现代地磁学
|
|
| 作者: | 朱岗岩 , 孙枋友 著 | |
| 分册: | ||
| 出版信息: | 北京 人民教育出版社 1985 |
|
| 页数: | 183页 | |
| 开本: | 19cm | |
| 丛书名: | 现代科学技术丛书 | |
| 单 册: | ||
| 中图分类: | P318-49 | |
| 科图分类: | ||
| 主题词: | 地磁学--中学--课外读物 | |
| 电子资源: | ||
| ISBN: | ||
| 000 | 00765nam2 2200277 45 | |
| 001 | 0185009998 | |
| 005 | 20060811152845.37 | |
| 010 | @dCNY0.77 | |
| 091 | @a7012.0956 | |
| 100 | @a19900904d1985 demy0chiy0121 ea | |
| 101 | 0 | @achi |
| 102 | @aCN@b110000 | |
| 105 | @ay z 000yy | |
| 200 | 10 | @a指南针和现代地磁学@Azhi nan zhen he xian dai di ci xue@f朱岗岩, 孙枋友著 |
| 210 | @a北京@c人民教育出版社@d1985 | |
| 215 | @a183页@d19cm | |
| 225 | 2 | @a现代科学技术丛书 |
| 300 | @a中学生课外读物 | |
| 410 | 0 | @120010@a现代科学技术丛书 |
| 606 | @a地磁学@x中学@x课外读物 | |
| 690 | @aP318-49@v3 | |
| 701 | 0 | @a朱岗岩@Azhu gang yan@4著 |
| 701 | 0 | @a孙枋友@Asun fang you@4著 |
| 801 | 2 | @aCN@bNLC@c20060811 |
| 801 | 0 | @aCN@bTSSF |
| 905 | @a10447@dP318-49@e78 | |
| 指南针和现代地磁学/朱岗岩, 孙枋友著.-北京:人民教育出版社,1985 |
| 183页;19cm.-(现代科学技术丛书) |
| 中学生课外读物 |
| ISBN :CNY0.77 |
| ● |
| 相关链接 |
|
|
|
|
正题名:指南针和现代地磁学
索取号:P318-49/78
 
预约/预借
| 序号 | 登录号 | 条形码 | 馆藏地/架位号 | 状态 | 备注 |
| 1 | 0452246 | 204522463 | 密集书库/ [索取号:P318-49/78] | 在馆 |